Dream House/ (Record no. 95440)

MARC details
000 -LEADER
fixed length control field 00561nji a22001817a 4500
005 - DATE AND TIME OF LATEST TRANSACTION
control field 20150804143109.0
008 - FIXED-LENGTH DATA ELEMENTS--GENERAL INFORMATION
fixed length control field 150804b xxu||||| |||| 00| 0 eng d
010 ## - LIBRARY OF CONGRESS CONTROL NUMBER
LC control number DVD-008768-771
024 ## - OTHER STANDARD IDENTIFIER
Terms of availability 499.00
028 ## - PUBLISHER NUMBER
Source Anu Electronics
035 ## - SYSTEM CONTROL NUMBER
System control number DVD-008768-771
245 ## - TITLE STATEMENT
Title Dream House/
260 ## - PUBLICATION, DISTRIBUTION, ETC. (IMPRINT)
Place of publication, distribution, etc Delhi
Name of publisher, distributor, etc Anu Electronics
270 ## - ADDRESS
Address Shop No: 562, Old Lajpat Market, Chandni Chowk
City Delhi
Postal code 110006
300 ## - PHYSICAL DESCRIPTION
Extent 4 discs
942 ## - ADDED ENTRY ELEMENTS (KOHA)
Source of classification or shelving scheme Dewey Decimal Classification
Item type CD-ROMs, DVDs, VHS
Holdings
Withdrawn status Lost status Source of classification or shelving scheme Damaged status Not for loan Home library Current library Date acquired Source of acquisition Cost, normal purchase price Total Checkouts Barcode Date last seen Date last borrowed Copy number Cost, replacement price Price effective from Koha item type
    Dewey Decimal Classification     Central Library Central Library 17/12/2015 Anu Electrinics 499.00 1 DVD-008768 04/02/2017 20/01/2017 1 499.00 17/12/2015 CD-ROMs, DVDs, VHS
    Dewey Decimal Classification     Janak Puri Janak Puri 17/12/2015 Anu Electrinics 499.00   DVD-008770 17/12/2015   1 499.00 17/12/2015 CD-ROMs, DVDs, VHS
    Dewey Decimal Classification     Patel Nagar Patel Nagar 17/12/2015 Anu Electrinics 499.00   DVD-008769 17/12/2015   1 499.00 17/12/2015 CD-ROMs, DVDs, VHS
    Dewey Decimal Classification     Sarojini Nagar Sarojini Nagar 17/12/2015 Anu Electrinics 499.00 4 DVD-008771 29/05/2017 27/05/2017 1 499.00 17/12/2015 CD-ROMs, DVDs, VHS

© Delhi Public Library
Hit Counter
free hit counter